Las mejores poesías líricas de la lengua castellana
Guardat en:
| Autor principal: | |
|---|---|
| Format: | Llibre |
| Idioma: | espanyol |
| Publicat: |
Buenos Aires
Espasa-Calpe
1948
|
| Matèries: | |
| Etiquetes: |
Afegir etiqueta
Sense etiquetes, Sigues el primer a etiquetar aquest registre!
|
MARC
| LEADER | 00000nam a2200000 a 4500 | ||
|---|---|---|---|
| 001 | UCQ5211 | ||
| 003 | CL-VaPUC | ||
| 008 | 980925e19480000AG |||||||||||||||||spa|d | ||
| 082 | 0 | 4 | |a 861.08 |b MEN |2 21 |
| 100 | |a Menéndez y Pelayo, Marcelino |e autor |9 478094 | ||
| 245 | 1 | 4 | |a Las mejores poesías líricas de la lengua castellana |
| 300 | |a 252 p | ||
| 942 | |c BK | ||
| 945 | |d 19980925 00:00:00 |a crobeson | ||
| 260 | |a Buenos Aires |b Espasa-Calpe |c 1948 | ||
| 650 | 0 | |a Poesías españolas |9 265100 | |
| 650 | 0 | |a Literatura española |9 306261 | |
| 650 | 0 | |a Antologías |9 309836 | |
| 583 | |a last modification |c 19980925 00:00:00 |k Rodrigo Vera | ||
| 999 | |c 275426 |d 275424 | ||
| 952 | |0 0 |1 0 |4 0 |6 861_080000000000000_MEN_1948 |7 0 |8 A |9 312167 |a BIBEDU |b BIBEDU |d 2019-11-20 |i 1469169 |o 861.08 MEN 1948 |p 1469169 |r 2019-11-20 |w 2019-11-20 |y BK |k LIT | ||